The impact of air power / (Record no. 186040)

000 -LEADER
fixed length control field 00585 a2200181 4500
003 - CONTROL NUMBER IDENTIFIER
control field Nust
005 - DATE AND TIME OF LATEST TRANSACTION
control field 20230309124047.0
040 ## - CATALOGING SOURCE
Transcribing agency Nust
082 ## - DEWEY DECIMAL CLASSIFICATION NUMBER
Classification number 358.4,EMM
100 ## - MAIN ENTRY--PERSONAL NAME
Personal name Eugene M. Emme
9 (RLIN) 110065
245 ## - TITLE STATEMENT
Title The impact of air power /
Statement of responsibility, etc. Eugene M. Emme
260 ## - PUBLICATION, DISTRIBUTION, ETC.
Place of publication, distribution, etc. New york
Name of publisher, distributor, etc. D Van Nostrand
300 ## - PHYSICAL DESCRIPTION
Extent xiii,914,p.;
505 ## - FORMATTED CONTENTS NOTE
Formatted contents note Part.1 The Nature of Air Power (Page-3), Part.2 The Revolution in Warfare (Page-155), Part.3 Aerospace Policy in National Security and World Politics (Page-509).
600 ## - SUBJECT ADDED ENTRY--PERSONAL NAME
Personal name Eugene M Emme
9 (RLIN) 110066
650 ## - SUBJECT ADDED ENTRY--TOPICAL TERM
Topical term or geographic name entry element Air Power
942 ## - ADDED ENTRY ELEMENTS (KOHA)
Source of classification or shelving scheme
Koha item type Book
Holdings
Withdrawn status Lost status Source of classification or shelving scheme Damaged status Not for loan Collection code Permanent Location Current Location Date acquired Total Checkouts Full call number Barcode Date last seen Price effective from Koha item type Shelving location Public note
            Military College of Signals (MCS) Military College of Signals (MCS) 12/12/2016   358.4 EMM MCS21405 12/08/2016 12/12/2016 Book    
            Military College of Signals (MCS) Military College of Signals (MCS) 12/12/2016   358.4,EMM MCS21406 12/08/2016 12/12/2016 Book General Stacks Almirah No.74, Shelf No.2
            Military College of Signals (MCS) Military College of Signals (MCS) 12/12/2016   358.4,EMM MCS21407 12/08/2016 12/12/2016 Book General Stacks Almirah No.74, Shelf No.2
            Military College of Signals (MCS) Military College of Signals (MCS) 12/12/2016   358.4,EMM MCS21408 12/08/2016 12/12/2016 Book General Stacks Almirah No.74, Shelf No.2
            Military College of Signals (MCS) Military College of Signals (MCS) 12/12/2016   358.4 EMM MCS21409 12/08/2016 12/12/2016 Book    
© 2023 Central Library, National University of Sciences and Technology. All Rights Reserved.